• 首页
  • 本馆介绍
  • 公告通知
  • 最新文献
  • 馆藏检索
  • 电子资源
  • 读者导购
  • 参考咨询
  • 我的图书馆
  • 登录
  • 详细信息显示
  • 放入我的书架
  • 预约/预借图书
  • 作者相关作品
  • 分类相关作品
  • 丛书相关作品
  • 出版社相关作品

书目信息

  • 表格格式
  • 工作单格式
  • 卡片格式
题名:
粮食加工副产物利用技术
    
 
作者: 刘亚伟 编著
分册:  
出版信息: 北京   化学工业出版社  2009
页数: 203页
开本: 24cm
丛书名:
单 册:
中图分类: TS210.9
科图分类:
主题词: 粮食加工--粮食副产品--综合利用 , 粮食加工 , 粮食副产品 , 综合利用
电子资源:
ISBN: 978-7-122-05590-3
000 00985nam0 2200265 45
001 1033123734
005 20100407095847.23
010    @a978-7-122-05590-3@dCNY36.00
100    @a20100402d2009 em y0chiy50 ea
101 0  @achi
102    @aCN@b110000
105    @aa z 000yy
106    @ar
200 1  @a粮食加工副产物利用技术@ALiang Shi Jia Gong Fu Chan Wu Li Yong Ji Shu@f刘亚伟编著@FLiu Ya Wei Bian Zhu
210    @a北京@c化学工业出版社@d2009
215    @a203页@c图@d24cm
330    @a本书主要介绍了小麦、玉米和稻谷的工艺品质特性,产品和中间产品的物理、化学和功能特性,生产工艺和设备,重点介绍了玉米蛋白粉、玉米胚芽、玉米纤维、玉米浆等玉米加工副产物利用技术,小麦麸皮、小麦谷朊粉等小麦加工副产物利用技术等。
606 0  @a粮食加工@x粮食副产品@x综合利用
606 0  @a粮食加工
606 0  @a粮食副产品
606 0  @a综合利用
690    @aTS210.9@v4
701  0 @a刘亚伟@ALiu Ya Wei@c(教师)@4编著
801  0 @aCN@bTANGWEI@c20100407
905    @b0588649-51@dTS210.9@e117@f3
    
    粮食加工副产物利用技术/刘亚伟编著.-北京:化学工业出版社,2009
    203页:图;24cm
    
    
    ISBN 978-7-122-05590-3:CNY36.00
    本书主要介绍了小麦、玉米和稻谷的工艺品质特性,产品和中间产品的物理、化学和功能特性,生产工艺和设备,重点介绍了玉米蛋白粉、玉米胚芽、玉米纤维、玉米浆等玉米加工副产物利用技术,小麦麸皮、小麦谷朊粉等小麦加工副产物利用技术等。
●
相关链接 在E读中查询图书 在五车中查询图书 在当当中查询图书 在豆瓣中查询图书


正题名:粮食加工副产物利用技术     索取号:TS210.9/117         预约/预借

序号 登录号 条形码 馆藏地/架位号 状态 备注
1 0588649   205886497   第二样本阅览室/ [索取号:TS210.9/117] 在馆    
2 0588650   205886503   第三借阅区/ [索取号:TS210.9/117] 在馆    
3 0588651   205886512   第三借阅区/ [索取号:TS210.9/117] 在馆    
唐山师范学院图书馆 欢迎您!
大连网信软件有限公司© 版权所有